Um Fantasma no porão (Record no. 123796)
[ view plain ]
| 000 -LÍDER | |
|---|---|
| campo de controle de tamanho fixo | 00682 a2200145 4500 |
| 001 - NÚMERO DE CONTROLE | |
| campo de controle | 123796 |
| 040 ## - FONTE DA CATALOGAÇÃO | |
| Instituição que transcreveu o registro | Escola Canadense de Niteroi |
| 090 ## - NÚMERO DE CHAMADA LOCAL | |
| Número de chamada (OCLC) (R); Número de chamada, CALL (RLIN) (NR) | F3 |
| 100 ## - ENTRADA PRINCIPAL--NOME PESSOAL | |
| Nome pessoal | Santana, Luciana |
| 245 10 - TÍTULO | |
| Título | Um Fantasma no porão |
| 520 ## - NOTA DE RESUMO, ETC | |
| Resumo, etc. | Melissa é uma garotinha esperta e curiosa, que gosta de brincar e se divertir. Ao ficar sozinha em casa, ela vive uma situação inusitada com um inquilino muito estranho. Um fantasma no porão o é uma linda história, repleta de fantasia, aventura e muitos encantos. Divirta-se também com essa adorável e emocionante história e descubra a magia de se fazer novos amigos. |
| 650 #4 - ASSUNTO--TERMO TÓPICO | |
| Cabeçalho tópico ou nome geográfico | Literatura Infantil |
| 650 #4 - ASSUNTO--TERMO TÓPICO | |
| Cabeçalho tópico ou nome geográfico | Amizade |
| 942 ## - ELEMENTOS DE ENTRADA ADICIONADOS (KOHA) | |
| Tipo de material Koha | Livros |
| Situação do descarte | Situação das perdas | Situação física | Não pode ser emprestado | Biblioteca de origem | Biblioteca atual | Data de aquisição | Total de empréstimos | Número de chamada completo | Código de barras | Data de último acesso | Data do preço efetivo | Tipo de material Koha | Data do último empréstimo |
|---|---|---|---|---|---|---|---|---|---|---|---|---|---|
| Canadian School of Niterói - Itacoatiara | Canadian School of Niterói - Itacoatiara | 09/02/2024 | 1 | F3 | A16243 | 08/04/2024 | 09/02/2024 | Livros | 01/04/2024 | ||||
| Canadian School of Niterói - Piratininga | Canadian School of Niterói - Piratininga | 09/02/2024 | F3 | A12815 | 09/02/2024 | 09/02/2024 | Livros |